00745nam a2200217Ia 450000500170000000800410001702000180005804100080007608200180008410000220010224500820012426000310020630000090023750000150024665000230026170000450028490600100032994200070033999900170034695201640036320230303115528.0230125s9999 xx 000 0 und d a9781847940889 aeng a658.4092bCOL aCollins J9107976 aGreat by ChoicebUncertainty, Chaos and Luck-Why Some Thrive Despite Them All c2011bRandom houseaLondon a304p aLeadership aLeadership9107725 aCollins J & Sudhir Tilloo, Donor9115965 b399.5 cDB c93699d93699 00104070aHIMRbHIMRd2015-06-23eDonated Book- Outside Donarg799.00o658.4092 COL DB2098pHIMR-DB-2098r2023-01-25 00:00:00v399.50w2023-01-25yDBzDB2098